Memoria acerca del estado del Instituto Provincial de Guipúzcoa durante el curso de 1886 a 1887 / (Registro nro. 114778)

Detalles MARC
000 -LEADER
campo de control de longitud fija 00731nam a2200181 i 4500
001 - NÚMERO DE CONTROL
campo de control 114778
003 - IDENTIFICADOR DE NÚMERO DE CONTROL
campo de control ES-MaACL
005 - FECHA Y HORA DE LA ÚLTIMA TRANSACCIÓN
campo de control 20230906190241.0
007 - CAMPO FIJO DE DESCRIPCIÓN FÍSICA--INFORMACIÓN GENERAL
campo de control de longitud fija t|
008 - DATOS DE LONGITUD FIJA--INFORMACIÓN GENERAL
campo de control de longitud fija 070327s1888 sp ||||1| spa d
100 1# - ENTRADA PRINCIPAL--NOMBRE DE PERSONA
Nombre de persona Ríos y Rial, Cándido.
9 (RLIN) 97405
245 10 - MENCIÓN DEL TÍTULO
Título Memoria acerca del estado del Instituto Provincial de Guipúzcoa durante el curso de 1886 a 1887 /
Mención de responsabilidad, etc. por Cándido Ríos y Rial.
260 ## - PUBLICACIÓN, DISTRIBUCIÓN, ETC.
Lugar de publicación, distribución, etc. San Sebastián :
Nombre del editor, distribuidor, etc. [s.n.],
Fecha de publicación, distribución, etc. 1888 (
Fabricante Hijos de Baroja)
300 ## - DESCRIPCIÓN FÍSICA
Extensión 70 p. ;
Dimensiones 20 cm.
610 24 - PUNTO DE ACCESO ADICIONAL DE MATERIA--NOMBRE DE ENTIDAD CORPORATIVA
Nombre de entidad corporativa o nombre de jurisdicción como elemento de entrada Instituto Provincial de Segunda Enseñanza de Guipuzcoa (San Sebastián)-
Subdivisión de forma Memorias.
9 (RLIN) 144977
710 2# - ENTRADA AGREGADA--NOMBRE DE ENTIDAD CORPORATIVA
Nombre de entidad corporativa o nombre de jurisdicción como elemento de entrada Instituto Provincial de Segunda Enseñanza de Guipúzcoa (San Sebastián)
9 (RLIN) 134537
852 ## - LOCALIZACIÓN
Ubicación ES-MaACL
Número de control de estantería T-467-F-8
Existencias
Estatus retirado Estado de pérdida Estado de daño No para préstamo Colección Biblioteca de origen Biblioteca actual Ubicación en estantería Fecha de adquisición Fuente de adquisición Total de préstamos Signatura topográfica completa Código de barras Visto por última vez Precio de reemplazo Tipo de ítem Koha
        Colección de folletos Biblioteca del Ateneo de Madrid Biblioteca del Ateneo de Madrid Depósito folletos 17/01/2008     T-467-F-8 1119691 23/02/2023 23/02/2023 Folleto